[Event "Como Province-ch"]
[Site "Erba"]
[Date "2015.01.25"]
[Round "5"]
[White "Primerano, Carlo"]
[Black "Revinelli, Sergio"]
[Result "1/2-1/2"]
[WhiteElo "1706"]
[BlackElo "1828"]
[PlyCount "158"]
[EventDate "2015.01.17"]
[EventType "swiss"]
[EventRounds "6"]
[EventCountry "ITA"]
[SourceTitle "EXT 2017"]
[Source "ChessBase"]
[SourceDate "2016.10.25"]
[SourceVersion "1"]
[SourceVersionDate "2016.10.25"]
[SourceQuality "1"]

1. d4 d5 2. c4 c6 3. cxd5 cxd5 4. Nf3 Nf6 5. Nc3 Nc6 6. Bf4 Ne4 7. e3 Nxc3 8. bxc3 g6 9. Bd3 Bg7 10. h3 0-0 11. 0-0 b6 12. c4 e6 13. cxd5 exd5 14. Rc1 Bb7 15. Qd2 Rc8 16. Rfd1 Re8 17. Bb5 a6 18. Ba4 b5 19. Bb3 Qd7 20. a4 b4 21. Ne5 Nxe5 22. dxe5 Rxc1 23. Rxc1 a5 24. Rc5 Bxe5 25. Bxe5 Rxe5 26. Rxa5 Bc6 27. Qxb4 Re4 28. Qc5 Qb7 29. Bxd5 Bxd5 30. Qxd5 Qxd5 31. Rxd5 Rxa4 32. Kh2 Kg7 33. Kg3 Ra3 34. Kf3 h6 35. g4 g5 36. Kg3 Ra1 37. Kg2 Ra2 38. h4 gxh4 39. Rh5 Kg6 40. Rxh4 Ra4 41. Kg3 Ra1 42. Kf3 f6 43. Rh5 Ra3 44. Rd5 Ra6 45. Kf4 Rb6 46. f3 Ra6 47. e4 Rb6 48. Rd8 Ra6 49. Rg8+ Kf7 50. Rd8 Kg6 51. Rd5 Rb6 52. Rf5 Rb4 53. Kg3 Rb6 54. e5 fxe5 55. Rxe5 Ra6 56. Kf4 Rf6+ 57. Ke4 Ra6 58. Rd5 Re6+ 59. Re5 Ra6 60. Rd5 Re6+ 61. Kf4 Rf6+ 62. Kg3 Ra6 63. Rd3 Rb6 64. f4 Kf6 65. Kh4 Rb1 66. Rd6+ Kg7 67. Rd7+ Kf6 68. Rd4 Rh1+ 69. Kg3 Rg1+ 70. Kf3 Rf1+ 71. Kg2 Ra1 72. Rd6+ Kg7 73. f5 Ra3 74. Re6 Kh7 75. Re7+ Kg8 76. f6 Ra6 77. f7+ Kf8 78. Rb7 Rf6 79. Kg3 Rxf7 1/2-1/2

[Event "Como Province-ch"]
[Site "Erba"]
[Date "2015.01.25"]
[Round "6"]
[White "Revinelli, Sergio"]
[Black "La Fontana, Stefano"]
[Result "1-0"]
[WhiteElo "1828"]
[BlackElo "1664"]
[PlyCount "71"]
[EventDate "2015.01.17"]
[EventType "swiss"]
[EventRounds "6"]
[EventCountry "ITA"]
[SourceTitle "EXT 2017"]
[Source "ChessBase"]
[SourceDate "2016.10.25"]
[SourceVersion "1"]
[SourceVersionDate "2016.10.25"]
[SourceQuality "1"]

1. e4 c5 2. Nf3 d6 3. d4 cxd4 4. Nxd4 Nf6 5. Nc3 a6 6. Be2 e5 7. Nb3 Be6 8. a4 Be7 9. 0-0 0-0 10. Kh1 Nbd7 11. f4 Qc7 12. f5 Bc4 13. Bxc4 Qxc4 14. Qf3 Rac8 15. g4 h6 16. Rg1 Nh7 17. Be3 Bg5 18. Rad1 Qc6 19. Rd2 Nb6 20. Na5 Qc7 21. Bxg5 Nxg5 22. Qe3 Nxa4 23. Nxa4 Qxa5 24. Nc3 Rfd8 25. h4 Nh7 26. g5 hxg5 27. hxg5 Qc7 28. Qh3 f6 29. g6 Ng5 30. Rxg5 fxg5 31. Qh7+ Kf8 32. Qh8+ Ke7 33. Nd5+ Kd7 34. Qxg7+ Kc6 35. Nxc7 Rxc7 36. Qf6 1-0

[Event "Villa Guardia D Oro Cup 32nd"]
[Site "Villa Guardia"]
[Date "2014.11.02"]
[Round "6"]
[White "Revinelli, Sergio"]
[Black "Ghezzi, Carlo"]
[Result "0-1"]
[WhiteElo "1839"]
[BlackElo "1649"]
[PlyCount "82"]
[EventDate "2014.10.26"]
[EventType "swiss"]
[EventRounds "6"]
[EventCountry "ITA"]
[SourceTitle "EXT 2016"]
[Source "ChessBase"]
[SourceDate "2015.10.08"]
[SourceVersion "1"]
[SourceVersionDate "2015.10.08"]
[SourceQuality "1"]

1. e4 g6 2. d4 d6 3. Be2 Bg7 4. Be3 Nf6 5. Nd2 Nc6 6. h3 e5 7. Ngf3 a6 8. 0-0 0-0 9. d5 Ne7 10. Nh2 c6 11. c4 c5 12. Ng4 Nxg4 13. hxg4 f5 14. gxf5 gxf5 15. f3 f4 16. Bf2 Ng6 17. Bd3 Qg5 18. Re1 Nh4 19. Bxh4 Qxh4 20. Qe2 Rf6 21. Qf2 Qh5 22. Kf1 Bd7 23. Ke2 b5 24. b3 Qe8 25. Rab1 a5 26. Rh1 b4 27. Rh2 Rh6 28. Rbh1 Rxh2 29. Rxh2 a4 30. Bc2 a3 31. g3 fxg3 32. Qxg3 Qg6 33. Kf2 Rf8 34. Bd3 Rf6 35. Bf1 Kh8 36. Bh3 Bxh3 37. Rxh3 Bh6 38. Nf1 Qxe4 39. Qh4 Rxf3+ 40. Kg1 Be3+ 41. Kh2 Qc2+ 0-1

[Event "Villa Guardia D Oro Cup 32nd"]
[Site "Villa Guardia"]
[Date "2014.10.26"]
[Round "2"]
[White "Revinelli, Sergio"]
[Black "Aldeghi, Damiano"]
[Result "1-0"]
[WhiteElo "1839"]
[BlackElo "1477"]
[PlyCount "70"]
[EventDate "2014.10.26"]
[EventType "swiss"]
[EventRounds "6"]
[EventCountry "ITA"]
[SourceTitle "EXT 2016"]
[Source "ChessBase"]
[SourceDate "2015.10.08"]
[SourceVersion "1"]
[SourceVersionDate "2015.10.08"]
[SourceQuality "1"]

1. e4 e5 2. Nf3 Nc6 3. Bc4 Bc5 4. c3 Nf6 5. d4 exd4 6. cxd4 Bb6 7. d5 Na5 8. Bd3 c5 9. 0-0 Bc7 10. Nc3 d6 11. a3 b6 12. b4 Nb7 13. h3 h6 14. Bb5+ Bd7 15. Bxd7+ Nxd7 16. Bb2 0-0 17. Qd3 a6 18. Ne2 Re8 19. Ng3 Ne5 20. Nxe5 dxe5 21. Rad1 cxb4 22. axb4 b5 23. Rc1 Nd6 24. Rc6 Nc4 25. Bc3 f6 26. Nf5 Kh7 27. Qg3 Rg8 28. h4 Bb6 29. h5 Qe8 30. Qf3 a5 31. Nh4 a4 32. Qf5+ g6 33. Nxg6 Kg7 34. Qxf6+ Kh7 35. Re6 Bd8 1-0

[Event "Villa Guardia D Oro Cup 31st"]
[Site "Villa Guardia"]
[Date "2013.11.01"]
[Round "2"]
[White "Corti, Filippo"]
[Black "Revinelli, Sergio"]
[Result "0-1"]
[WhiteElo "1607"]
[BlackElo "1818"]
[PlyCount "94"]
[EventDate "2013.11.01"]
[EventType "swiss"]
[EventRounds "6"]
[EventCountry "ITA"]
[SourceTitle "EXT 2015"]
[Source "ChessBase"]
[SourceDate "2014.11.20"]
[SourceVersion "1"]
[SourceVersionDate "2014.11.20"]
[SourceQuality "1"]

1. Nf3 Nf6 2. g3 g6 3. Bg2 Bg7 4. 0-0 0-0 5. d3 d5 6. Nbd2 Re8 7. Re1 c5 8. c4 e5 9. cxd5 Nxd5 10. Ne4 Na6 11. Qb3 Rb8 12. Bd2 h6 13. Rac1 b6 14. a3 Qd7 15. Rc2 Bb7 16. Rec1 Bc6 17. Qa2 Ba8 18. Nc3 Nac7 19. h4 Kh7 20. Kh2 Rbd8 21. Bh3 Qe7 22. Qb1 Nxc3 23. Bxc3 Bxf3 24. exf3 Rxd3 25. Kg2 Qf6 26. f4 Qc6+ 27. Kh2 e4 28. Bxg7 Kxg7 29. Bf1 Rd6 30. b4 Ne6 31. Qb2+ f6 32. bxc5 Nxc5 33. Bb5 Qc8 34. Bxe8 Qxe8 35. Qa2 h5 36. Qc4 Qe7 37. Qe2 Kh6 38. Rg1 Rd4 39. g4 Rd3 40. g5+ Kh7 41. Rg3 Qd6 42. Rxd3 exd3 43. Qd2 Ne4 44. Qc1 dxc2 45. Qe3 Qc6 46. gxf6 Qxf6 47. Qxe4 c1Q 0-1

[Event "Villa Guardia D Oro Cup 31st"]
[Site "Villa Guardia"]
[Date "2013.11.01"]
[Round "1"]
[White "Revinelli, Sergio"]
[Black "Aldeghi, Damiano"]
[Result "1-0"]
[WhiteElo "1818"]
[BlackElo "1461"]
[PlyCount "103"]
[EventDate "2013.11.01"]
[EventType "swiss"]
[EventRounds "6"]
[EventCountry "ITA"]
[SourceTitle "EXT 2015"]
[Source "ChessBase"]
[SourceDate "2014.11.20"]
[SourceVersion "1"]
[SourceVersionDate "2014.11.20"]
[SourceQuality "1"]

1. e4 e5 2. Nf3 Nc6 3. Bc4 Bc5 4. c3 Nf6 5. d4 exd4 6. cxd4 Bb4+ 7. Nc3 Bxc3+ 8. bxc3 Nxe4 9. d5 Ne7 10. Qd4 Nf6 11. 0-0 0-0 12. Bg5 Nf5 13. Qf4 Nd6 14. Bxf6 Qxf6 15. Qxf6 gxf6 16. Bd3 b6 17. Rfd1 Bb7 18. c4 Rfe8 19. Rab1 a5 20. h3 Ne4 21. Rdc1 Nc5 22. Bf1 Re4 23. d6 cxd6 24. Rxb6 Ra6 25. Rb2 Rc6 26. Nd2 Re5 27. Nf3 Re4 28. Nd2 Re5 29. f4 Re6 30. Rcb1 Ba6 31. Kf2 Kg7 32. Rd1 Na4 33. Rc2 Nc5 34. Nf3 Ne4+ 35. Kg1 Nc5 36. Nd4 Ne4 37. Nxc6 dxc6 38. Bd3 d5 39. cxd5 cxd5 40. Bxa6 Rxa6 41. Rxd5 Rb6 42. Rxa5 Ng3 43. Rac5 Rd6 44. R5c4 Rd1+ 45. Kf2 Rd3 46. Ke1 Re3+ 47. Kd1 Re6 48. a4 Nf1 49. Rc6 Ne3+ 50. Kc1 Nxc2 51. Rxe6 fxe6 52. Kxc2 1-0

[Event "Berlin Lichtenberger op 12th"]
[Site "Berlin"]
[Date "2013.08.24"]
[Round "8"]
[White "Schrodt, Horst"]
[Black "Revinelli, Sergio"]
[Result "1-0"]
[WhiteElo "1753"]
[BlackElo "1829"]
[PlyCount "109"]
[EventDate "2013.08.17"]
[EventType "swiss"]
[EventRounds "9"]
[EventCountry "GER"]
[SourceTitle "CBM 156 Extra"]
[Source "ChessBase"]
[SourceDate "2013.10.22"]
[SourceVersion "1"]
[SourceVersionDate "2013.10.22"]
[SourceQuality "1"]

1. d4 d5 2. c4 c6 3. Nc3 Nf6 4. cxd5 cxd5 5. Nf3 e6 6. Bf4 Bd6 7. Bxd6 Qxd6 8. Rc1 Bd7 9. e3 a6 10. Bd3 0-0 11. 0-0 Nc6 12. a3 Rfd8 13. Na4 b5 14. Nc5 Bc8 15. Qe2 e5 16. dxe5 Nxe5 17. Bb1 Re8 18. Nxe5 Qxe5 19. Nd3 Qg5 20. Qf3 Bg4 21. Qf4 Qxf4 22. Nxf4 Rac8 23. h3 Be6 24. Nd3 Ne4 25. Rfd1 h6 26. Ba2 Nf6 27. Nb4 Rxc1 28. Rxc1 a5 29. Nc6 Ra8 30. Rc5 Ra6 31. Ne7+ Kf8 32. Nxd5 Nxd5 33. Bxd5 Bxd5 34. Rxd5 Rb6 35. Kf1 Ke7 36. Ke2 Ke6 37. e4 a4 38. Rd4 Ke5 39. Ke3 g6 40. f4+ Ke6 41. g4 Ke7 42. h4 f6 43. h5 g5 44. fxg5 fxg5 45. e5 Ke6 46. Ke4 Rb8 47. Rd6+ Ke7 48. Rxh6 Rf8 49. Rf6 Rc8 50. Kf5 Rc2 51. Kxg5 Rxb2 52. Rb6 b4 53. axb4 a3 54. Ra6 a2 55. h6 1-0

[Event "Berlin Lichtenberger op 12th"]
[Site "Berlin"]
[Date "2013.08.21"]
[Round "5"]
[White "Revinelli, Sergio"]
[Black "Prix, Siegfried"]
[Result "0-1"]
[WhiteElo "1829"]
[BlackElo "1803"]
[PlyCount "150"]
[EventDate "2013.08.17"]
[EventType "swiss"]
[EventRounds "9"]
[EventCountry "GER"]
[SourceTitle "CBM 156 Extra"]
[Source "ChessBase"]
[SourceDate "2013.10.22"]
[SourceVersion "1"]
[SourceVersionDate "2013.10.22"]
[SourceQuality "1"]

1. e4 e5 2. Nf3 Nc6 3. Bc4 Nf6 4. Ng5 d5 5. exd5 Na5 6. Bb5+ c6 7. dxc6 bxc6 8. Be2 h6 9. Nf3 e4 10. Ne5 Bd6 11. d4 Qc7 12. f4 0-0 13. 0-0 c5 14. c3 Bb7 15. Na3 a6 16. Be3 Rfd8 17. Nac4 Nxc4 18. Nxc4 Be7 19. Ne5 Rac8 20. Rc1 Qa5 21. Qb3 Bd5 22. c4 Rb8 23. Qc3 Qxc3 24. bxc3 Rb2 25. Rfe1 Ba8 26. a4 Rdb8 27. Kf1 Ra2 28. Ra1 Rab2 29. Rec1 Re8 30. Ke1 g6 31. Rcb1 Reb8 32. Rxb2 Rxb2 33. dxc5 Ne8 34. Nd7 Bc6 35. Nb6 Nc7 36. Kd1 Ne6 37. Bc1 Rb3 38. Nd5 Bxc5 39. Kc2 Rb8 40. g3 Kg7 41. Be3 a5 42. Kc1 Rb3 43. Kc2 Rb7 44. Bd1 Bxe3 45. Nxe3 Nc5 46. Kc1 Nd3+ 47. Kd2 Rd7 48. Ke2 Rb7 49. Bc2 Rb2 50. Kd2 Nc5 51. Ra3 Rb7 52. Ra2 Rd7+ 53. Ke2 Nd3 54. Ra1 Nc5 55. Ng4 f6 56. Ne3 Rb7 57. Ra2 h5 58. h3 Nb3 59. Bxb3 Rxb3 60. Kd2 Rb1 61. Nc2 Rb8 62. Ne3 Kf7 63. Ke2 Ke6 64. Nc2 Kd6 65. Ne3 Bd7 66. Rd2+ Ke6 67. Ra2 Kd6 68. h4 Kc5 69. Rd2 Bc6 70. Ra2 Rb3 71. Kd2 Rb1 72. f5 gxf5 73. Nxf5 Kxc4 74. Ng7 Rg1 75. Ke3 Rxg3+ 0-1

[Event "Lombardia Region-ch"]
[Site "Saronno"]
[Date "2013.05.26"]
[Round "4"]
[White "Revinelli, Sergio"]
[Black "Megna, Giuseppe"]
[Result "1-0"]
[WhiteElo "1827"]
[BlackElo "1846"]
[PlyCount "91"]
[EventDate "2013.05.24"]
[EventType "swiss"]
[EventRounds "5"]
[EventCountry "ITA"]
[SourceTitle "EXT 2015"]
[Source "ChessBase"]
[SourceDate "2014.11.20"]
[SourceVersion "1"]
[SourceVersionDate "2014.11.20"]
[SourceQuality "1"]

1. e4 e6 2. d4 d5 3. Nd2 c5 4. exd5 Qxd5 5. Ngf3 cxd4 6. Bc4 Qd6 7. Nb3 Qb4+ 8. Nbd2 Nc6 9. 0-0 Nf6 10. a3 Qd6 11. Nb3 e5 12. Ng5 Nd8 13. f3 h6 14. Ne4 Nxe4 15. fxe4 Be6 16. Bb5+ Nc6 17. Bd2 a6 18. Bd3 Be7 19. Qe2 0-0 20. Qh5 f6 21. Rf3 Bf7 22. Qh3 Be6 23. Qh5 Rf7 24. Rg3 Kh8 25. Rg6 Bf8 26. Rf1 Bxb3 27. cxb3 b5 28. Rxh6+ gxh6 29. Qxf7 Bg7 30. Rf3 Nd8 31. Qg6 Qf8 32. Rh3 Nf7 33. Bb4 Qe8 34. Bd2 Nd6 35. Qg4 Nf7 36. Rg3 Ng5 37. Qe2 Nf7 38. a4 Rb8 39. Qg4 Ng5 40. axb5 axb5 41. h4 Ne6 42. b4 Ra8 43. Bxb5 Qxb5 44. Qxe6 Ra1+ 45. Kh2 Qf1 46. Qe8+ 1-0

[Event "Lombardia Region-ch"]
[Site "Saronno"]
[Date "2013.05.24"]
[Round "1"]
[White "Cagnotto, Marco"]
[Black "Revinelli, Sergio"]
[Result "0-1"]
[WhiteElo "1487"]
[BlackElo "1827"]
[PlyCount "28"]
[EventDate "2013.05.24"]
[EventType "swiss"]
[EventRounds "5"]
[EventCountry "ITA"]
[SourceTitle "EXT 2015"]
[Source "ChessBase"]
[SourceDate "2014.11.20"]
[SourceVersion "1"]
[SourceVersionDate "2014.11.20"]
[SourceQuality "1"]

1. e4 e5 2. Nf3 Nc6 3. d4 exd4 4. Nxd4 Bc5 5. Be3 Qf6 6. c3 Nge7 7. Bc4 Ne5 8. 0-0 Nxc4 9. Qe2 Nxe3 10. fxe3 Qg6 11. Qc4 d6 12. Nd2 0-0 13. Rf3 Be6 14. Qe2 Bg4 0-1

[Event "Como Province-ch"]
[Site "Villa Guardia"]
[Date "2013.01.20"]
[Round "3"]
[White "Carbone, Lorenzo"]
[Black "Revinelli, Sergio"]
[Result "0-1"]
[WhiteElo "1725"]
[BlackElo "1824"]
[PlyCount "87"]
[EventDate "2013.01.19"]
[EventType "swiss"]
[EventRounds "6"]
[EventCountry "ITA"]
[SourceTitle "EXT 2014"]
[Source "ChessBase"]
[SourceDate "2013.11.20"]
[SourceVersion "1"]
[SourceVersionDate "2013.11.20"]
[SourceQuality "1"]

1. e4 e5 2. Nf3 Nc6 3. Bb5 f5 4. Nc3 fxe4 5. Nxe4 d5 6. Nxe5 dxe4 7. Nxc6 Qg5 8. Qe2 Nf6 9. f4 Qxf4 10. d4 Qh4+ 11. g3 Qh3 12. Ne5+ c6 13. Bc4 Be6 14. Be3 Bd6 15. 0-0-0 0-0 16. Bxe6+ Qxe6 17. Qc4 Nd5 18. Rhf1 Bxe5 19. dxe5 Qxe5 20. Rde1 Rxf1 21. Rxf1 a6 22. Re1 Re8 23. Kb1 Qe6 24. Bc1 Nf6 25. Qc3 h6 26. b3 Re7 27. Ba3 Rd7 28. Bc1 Qh3 29. Rh1 Qh5 30. Qe1 Qd5 31. Rf1 Qh5 32. Rh1 Qg6 33. Qe2 Qg4 34. Qe1 Rf7 35. h3 Qe6 36. g4 Nd5 37. Rh2 Qe5 38. Rh1 Nc3+ 39. Kb2 Ne2+ 40. Kb1 Nxc1 41. Qxc1 e3 42. Qb2 Qe4 43. Qc1 e2 44. Qe1 0-1

[Event "Como Province-ch"]
[Site "Villa Guardia"]
[Date "2013.01.20"]
[Round "4"]
[White "Revinelli, Sergio"]
[Black "Coppola, Guido"]
[Result "1/2-1/2"]
[WhiteElo "1824"]
[BlackElo "1992"]
[PlyCount "82"]
[EventDate "2013.01.19"]
[EventType "swiss"]
[EventRounds "6"]
[EventCountry "ITA"]
[SourceTitle "EXT 2014"]
[Source "ChessBase"]
[SourceDate "2013.11.20"]
[SourceVersion "1"]
[SourceVersionDate "2013.11.20"]
[SourceQuality "1"]

1. e4 g6 2. Bc4 Bg7 3. Nf3 e6 4. d4 Ne7 5. 0-0 d6 6. Bg5 h6 7. Be3 0-0 8. c3 Nd7 9. Re1 c5 10. a4 Qc7 11. Na3 a6 12. Bd3 d5 13. e5 Rb8 14. Qd2 c4 15. Bb1 Kh7 16. h4 f5 17. exf6 Rxf6 18. h5 b5 19. axb5 axb5 20. Nh4 Nf8 21. g3 Rb7 22. Bf4 Rxf4 23. Qxf4 Qxf4 24. gxf4 b4 25. Bxg6+ Nfxg6 26. hxg6+ Nxg6 27. Nxg6 Kxg6 28. Nc2 bxc3 29. bxc3 Kf5 30. Reb1 Rc7 31. Kg2 Kxf4 32. Nb4 Bf6 33. Re1 Rg7+ 34. Kf1 Rc7 35. Ke2 Be7 36. Nc2 e5 37. dxe5 Kxe5 38. Kf3+ Kf6 39. Nd4 h5 40. Ra5 Bg4+ 41. Kg3 Bc5 1/2-1/2

[Event "Villa Guardia D Oro Cup 30th"]
[Site "Villa Guardia"]
[Date "2012.11.01"]
[Round "2"]
[White "Raineri, Valerio"]
[Black "Revinelli, Sergio"]
[Result "1-0"]
[WhiteElo "2142"]
[BlackElo "1827"]
[PlyCount "95"]
[EventDate "2012.11.01"]
[EventType "swiss"]
[EventRounds "6"]
[EventCountry "ITA"]
[SourceTitle "EXT 2014"]
[Source "ChessBase"]
[SourceDate "2013.11.20"]
[SourceVersion "1"]
[SourceVersionDate "2013.11.20"]
[SourceQuality "1"]

1. e4 e5 2. Nf3 Nc6 3. Bb5 f5 4. d3 fxe4 5. dxe4 Nf6 6. Qd3 Nb4 7. Qe2 c6 8. Bc4 b5 9. Bb3 d6 10. c4 Rb8 11. Nc3 Be6 12. cxb5 Bxb3 13. axb3 Qc7 14. bxc6 Nxc6 15. Qc4 Rb4 16. Qe6+ Be7 17. Ra4 Nd8 18. Qh3 Rxa4 19. bxa4 Nxe4 20. Bd2 Nxc3 21. Bxc3 0-0 22. 0-0 Rf6 23. Bd2 Ne6 24. Rc1 Qb7 25. b4 Bf8 26. Ng5 Nxg5 27. Bxg5 Rg6 28. Bd2 Qd5 29. Be3 Qb7 30. b5 Rf6 31. Qc8 Rf7 32. Qxb7 Rxb7 33. Rc6 d5 34. Bc5 Bxc5 35. Rxc5 Rd7 36. Kf1 Kf7 37. Ke2 Ke6 38. Rc6+ Ke7 39. Kd3 Rb7 40. g3 Kd7 41. f4 exf4 42. gxf4 Rb8 43. Kd4 Rf8 44. Ke5 Re8+ 45. Kxd5 Re1 46. Ra6 Rd1+ 47. Ke5 Re1+ 48. Kf5 1-0

[Event "Split op 2nd"]
[Site "Split"]
[Date "2012.08.11"]
[Round "1"]
[White "Farkas, Tibor"]
[Black "Revinelli, Sergio"]
[Result "1-0"]
[WhiteElo "2253"]
[BlackElo "1831"]
[PlyCount "71"]
[EventDate "2012.08.11"]
[EventType "swiss"]
[EventRounds "9"]
[EventCountry "CRO"]
[SourceTitle "CBM 149 Extra"]
[Source "ChessBase"]
[SourceDate "2012.08.24"]
[SourceVersion "1"]
[SourceVersionDate "2012.08.24"]
[SourceQuality "1"]

1. e4 e5 2. Nf3 Nc6 3. Bb5 f5 4. Nc3 fxe4 5. Nxe4 d5 6. Nxe5 dxe4 7. Nxc6 Qg5 8. Qe2 Nf6 9. f4 Qxf4 10. Ne5+ c6 11. d4 Qh4+ 12. g3 Qh3 13. Bc4 Be6 14. Bg5 Bd6 15. 0-0-0 0-0-0 16. Qf1 Bxe5 17. Qxh3 Bxh3 18. dxe5 Rxd1+ 19. Rxd1 Nd5 20. Bxd5 cxd5 21. Rxd5 Re8 22. a4 Bg2 23. Be3 a6 24. Bb6 e3 25. Rd3 e2 26. Re3 Bf1 27. e6 Bh3 28. e7 Kd7 29. Bd8 Bg4 30. Kd2 g5 31. b4 Kc6 32. c4 b5 33. cxb5+ axb5 34. a5 Bh5 35. a6 Rg8 36. Rc3+ 1-0

[Event "Villa Guardia Coppa D'Oro 29th"]
[Site "Villa Guardia"]
[Date "2011.11.01"]
[Round "5"]
[White "Revinelli, Sergio"]
[Black "Guzzetti, Luigi Enrico"]
[Result "0-1"]
[WhiteElo "1877"]
[BlackElo "1955"]
[PlyCount "58"]
[EventDate "2011.10.30"]
[EventType "swiss"]
[EventRounds "6"]
[EventCountry "ITA"]
[SourceTitle "EXT 2024"]
[Source "ChessBase"]
[SourceDate "2023.10.10"]
[SourceVersion "1"]
[SourceVersionDate "2023.10.10"]
[SourceQuality "1"]

1. e4 c5 2. Nf3 e6 3. d4 cxd4 4. Nxd4 a6 5. Bd3 Nf6 6. 0-0 Qc7 7. Qe2 d6 8. c4 Nc6 9. Nxc6 bxc6 10. Nc3 Be7 11. f4 e5 12. f5 Bb7 13. Bg5 0-0 14. Rac1 Rfc8 15. g4 Qd8 16. Qg2 h6 17. Bh4 Qb6+ 18. Bf2 Qa5 19. Be1 Qc7 20. h4 h5 21. g5 Ng4 22. Rf3 Qb6+ 23. Kh1 g6 24. f6 Bf8 25. b3 d5 26. cxd5 cxd5 27. Bf2 d4 28. Nd5 Bxd5 29. exd5 e4 0-1

[Event "Villa Guardia Coppa D'Oro 29th"]
[Site "Villa Guardia"]
[Date "2011.11.01"]
[Round "6"]
[White "Valsecchi, Luca"]
[Black "Revinelli, Sergio"]
[Result "1-0"]
[WhiteElo "1779"]
[BlackElo "1877"]
[PlyCount "47"]
[EventDate "2011.10.30"]
[EventType "swiss"]
[EventRounds "6"]
[EventCountry "ITA"]
[SourceTitle "EXT 2024"]
[Source "ChessBase"]
[SourceDate "2023.10.10"]
[SourceVersion "1"]
[SourceVersionDate "2023.10.10"]
[SourceQuality "1"]

1. c4 c6 2. g3 d5 3. Nf3 e6 4. b3 Be7 5. Bb2 Bf6 6. d4 dxc4 7. bxc4 c5 8. e3 Nc6 9. Bg2 Nge7 10. 0-0 0-0 11. Bc3 cxd4 12. Nxd4 Bd7 13. Nb5 Bxc3 14. N1xc3 a6 15. Nd6 Qc7 16. Rb1 Rab8 17. Na4 Na5 18. c5 Bxa4 19. Qxa4 b5 20. cxb6 Qxd6 21. Qxa5 Nd5 22. Rfd1 Rfc8 23. e4 Rc5 24. Qe1 1-0

[Event "Villa Guardia Coppa D'Oro 29th"]
[Site "Villa Guardia"]
[Date "2011.10.31"]
[Round "4"]
[White "Seminara, Antonio"]
[Black "Revinelli, Sergio"]
[Result "0-1"]
[WhiteElo "2010"]
[BlackElo "1877"]
[PlyCount "73"]
[EventDate "2011.10.30"]
[EventType "swiss"]
[EventRounds "6"]
[EventCountry "ITA"]
[SourceTitle "EXT 2024"]
[Source "ChessBase"]
[SourceDate "2023.10.10"]
[SourceVersion "1"]
[SourceVersionDate "2023.10.10"]
[SourceQuality "1"]

1. d4 d5 2. Bg5 c5 3. dxc5 Qa5+ 4. Nc3 e6 5. a3 Qxc5 6. Nf3 Be7 7. Qd2 Nf6 8. e3 Bd7 9. Bd3 h6 10. Bf4 Qc8 11. h3 a6 12. 0-0 0-0 13. e4 dxe4 14. Nxe4 Nxe4 15. Bxe4 Bc6 16. Rfe1 Bf6 17. Bxh6 Bxb2 18. Qg5 Qd8 19. Qh5 f5 20. Bxg7 Bxg7 21. Ng5 Rf6 22. Bxc6 Nxc6 23. Qh7+ Kf8 24. Rxe6 Nd4 25. Rae1 Nxe6 26. Rxe6 Qd1+ 27. Kh2 Rxe6 28. Nxe6+ Kf7 29. Nxg7 Qd6+ 30. g3 Qg6 31. Qxg6+ Kxg6 32. Ne6 Rc8 33. Nd4 Rc4 34. Ne6 Rxc2 35. Nf4+ Kf6 36. Kg2 Ra2 37. Nd3 0-1

[Event "Villa Guardia Coppa D'Oro 29th"]
[Site "Villa Guardia"]
[Date "2011.10.30"]
[Round "2"]
[White "Raineri, Valerio"]
[Black "Revinelli, Sergio"]
[Result "1-0"]
[WhiteElo "2150"]
[BlackElo "1877"]
[PlyCount "77"]
[EventDate "2011.10.30"]
[EventType "swiss"]
[EventRounds "6"]
[EventCountry "ITA"]
[SourceTitle "EXT 2024"]
[Source "ChessBase"]
[SourceDate "2023.10.10"]
[SourceVersion "1"]
[SourceVersionDate "2023.10.10"]
[SourceQuality "1"]

1. e4 e5 2. Nf3 Nc6 3. Bb5 f5 4. d3 fxe4 5. dxe4 Nf6 6. Qd3 Bc5 7. Bg5 d6 8. Nc3 Be6 9. Nd5 0-0 10. Nxf6+ gxf6 11. Bh6 Rf7 12. Bc4 Qe8 13. Nh4 Nd4 14. 0-0 Kh8 15. c3 Bxc4 16. Qxc4 Qe6 17. Qxe6 Nxe6 18. Nf5 Rg8 19. Kh1 Ng5 20. Bxg5 Rxg5 21. f4 Rg6 22. Rf3 Rd7 23. b4 Bb6 24. Rd1 Rg4 25. g3 Rg8 26. fxe5 fxe5 27. Nh6 Re8 28. g4 Kg7 29. g5 Rf8 30. Nf5+ Kg6 31. h4 c6 32. c4 Bc7 33. Kg2 Rdf7 34. Rdf1 d5 35. cxd5 cxd5 36. Ne7+ Kg7 37. Nxd5 Rxf3 38. Rxf3 Rc8 39. Rc3 1-0

[Event "Lombardia Region-ch"]
[Site "Solaro"]
[Date "2011.05.29"]
[Round "4"]
[White "Brigatti, Lorenzo"]
[Black "Revinelli, Sergio"]
[Result "0-1"]
[WhiteElo "1841"]
[BlackElo "1871"]
[PlyCount "80"]
[EventDate "2011.05.27"]
[EventType "swiss"]
[EventRounds "5"]
[EventCountry "ITA"]
[SourceTitle "EXT 2023"]
[Source "ChessBase"]
[SourceDate "2022.10.05"]
[SourceVersion "1"]
[SourceVersionDate "2022.10.05"]
[SourceQuality "1"]

1. e4 e5 2. Nf3 Nc6 3. Bc4 Nf6 4. Ng5 d5 5. exd5 Na5 6. Bb5+ c6 7. dxc6 bxc6 8. Be2 h6 9. Nf3 e4 10. Ne5 Bd6 11. d4 exd3 12. Nxd3 Qc7 13. h3 0-0 14. 0-0 Ba6 15. Nd2 Rad8 16. b3 Rfe8 17. Bb2 Nd5 18. Re1 c5 19. Bf3 Rxe1+ 20. Qxe1 Bxd3 21. cxd3 Nb4 22. Ne4 Bf8 23. Qc3 Nxd3 24. Rd1 Nxb2 25. Rxd8 Qxd8 26. Qxb2 Qb6 27. Qe5 c4 28. bxc4 Nxc4 29. Qd5 Nd6 30. Nc5 Qb1+ 31. Kh2 Qf5 32. Qc6 Qc8 33. Qd5 Qf5 34. Qc6 Qc8 35. Nd7 Be7 36. Qxc8+ Nxc8 37. Ne5 Bd6 38. Bb7 Bxe5+ 39. f4 Bxf4+ 40. g3 Nd6 0-1

[Event "Milan Crespi op-B 31th"]
[Site "Milan"]
[Date "2010.12.07"]
[Round "5"]
[White "Revinelli, Sergio"]
[Black "Velluti, Alberto"]
[Result "1/2-1/2"]
[WhiteElo "1842"]
[BlackElo "1947"]
[PlyCount "30"]
[EventDate "2010.12.04"]
[EventType "swiss"]
[EventRounds "7"]
[EventCountry "ITA"]
[SourceTitle "EXT 2024"]
[Source "ChessBase"]
[SourceDate "2023.10.10"]
[SourceVersion "1"]
[SourceVersionDate "2023.10.10"]
[SourceQuality "1"]

1. e4 e5 2. Nf3 Nc6 3. Bc4 Nf6 4. Ng5 d5 5. exd5 Na5 6. Bb5+ Bd7 7. Qe2 Bd6 8. Bxd7+ Qxd7 9. Nc3 0-0 10. 0-0 Rfe8 11. d3 h6 12. Nge4 Nh7 13. Nxd6 Qxd6 14. Qg4 Nf6 15. Qg3 a6 1/2-1/2

[Event "Milan Crespi op-B 31th"]
[Site "Milan"]
[Date "2010.12.05"]
[Round "3"]
[White "Revinelli, Sergio"]
[Black "Sirletti, Sonia"]
[Result "0-1"]
[WhiteElo "1842"]
[BlackElo "1903"]
[PlyCount "74"]
[EventDate "2010.12.04"]
[EventType "swiss"]
[EventRounds "7"]
[EventCountry "ITA"]
[SourceTitle "EXT 2024"]
[Source "ChessBase"]
[SourceDate "2023.10.10"]
[SourceVersion "1"]
[SourceVersionDate "2023.10.10"]
[SourceQuality "1"]

1. e4 d6 2. d4 Nf6 3. Nc3 Nbd7 4. Be2 e5 5. Nf3 Be7 6. 0-0 0-0 7. Bg5 c6 8. Bh4 b5 9. dxe5 dxe5 10. a3 Qc7 11. Bg3 Bb7 12. Nd2 a5 13. Qc1 Nc5 14. f3 Rfd8 15. Nd1 Nh5 16. Bf2 Nf4 17. Re1 Nce6 18. Bf1 Qd7 19. Nb1 Nd4 20. Bxd4 Qxd4+ 21. Qe3 Bc5 22. Qxd4 Rxd4 23. Kh1 Rad8 24. Nbc3 Rd2 25. g3 Ne6 26. Bd3 Nd4 27. f4 exf4 28. gxf4 Nxc2 29. Bxc2 Rxc2 30. Re2 Rxe2 31. Nxe2 Rd2 32. Ng3 g6 33. Nf1 Rc2 34. b4 Bd4 35. Rb1 c5 36. Ng3 cxb4 37. axb4 a4 0-1